[Event "27.Schlosspark-Open"]
[Site "Wiesbaden-Biebrich"]
[Date "2015.08.27"]
[Round "1.83"]
[White "Knödler, Marcel"]
[Black "Köllner, Ruben Gideon"]
[Result "0-1"]
[WhiteElo "1253"]
[BlackElo "1790"]
[PlyCount "94"]
[EventDate "2015.??.??"]
[WhiteTeam "FC Bierstadt"]
[BlackTeam "SV Bergneustadt/Derschlag"]

1. d4 d5 2. e3 Nf6 3. c4 c6 4. c5 g6 5. Nc3 Bg7 6. h3 Qc7 7. Bd3 Nbd7 8. Nf3 e5
9. Be2 e4 10. Nd2 O-O 11. f3 Qg3+ 12. Kf1 exf3 13. Nxf3 Re8 14. Qe1 Nh5 15. Bd3
Ndf6 16. Rg1 Qxe1+ 17. Kxe1 Ng3 18. Ne2 Nfh5 19. Kf2 Nxe2 20. Bxe2 Nf6 21. Nd2
Bf5 22. g4 Ne4+ 23. Nxe4 Bxe4 24. Bd2 f5 25. Rae1 Rf8 26. g5 f4 27. Bc3 fxe3+
28. Kxe3 Rae8 29. Kd2 Rf2 30. Rg3 Bf5 31. Kd1 Re4 32. Rf3 Rxf3 33. Bxf3 Rxe1+
34. Kxe1 Bxh3 35. Ke2 Kf7 36. Ke3 h6 37. gxh6 Bxh6+ 38. Ke2 Kf6 39. a3 Bf4 40.
Kf2 g5 41. Bh5 g4 42. Be1 g3+ 43. Kf3 g2 44. Bf2 Bh2 45. Bg4 Bxg4+ 46. Kxg4
g1=Q+ 47. Bxg1 Bxg1 0-1

[Event "27.Schlosspark-Open"]
[Site "Wiesbaden-Biebrich"]
[Date "2015.08.27"]
[Round "1.84"]
[White "Launert, Martin"]
[Black "Jahraus, Marlis"]
[Result "1-0"]
[WhiteElo "1846"]
[BlackElo "1249"]
[PlyCount "135"]
[EventDate "2015.??.??"]
[WhiteTeam "Sfr. Erbach"]
[BlackTeam "SC Untergrombach"]

1. e4 c5 2. Nf3 d6 3. d4 cxd4 4. Nxd4 Nf6 5. Nc3 a6 6. Be2 e5 7. Nf3 Be7 8. O-O
O-O 9. h3 h6 10. Be3 Be6 11. Nh2 d5 12. exd5 Nxd5 13. Nxd5 Bxd5 14. c4 Be6 15.
Nf3 Nc6 16. a3 Qc7 17. Rc1 Rad8 18. Qc2 f5 19. Rfd1 f4 20. Rxd8 Nxd8 21. Bd2
Nc6 22. Bc3 Bc5 23. b4 Bd4 24. b5 Bxc3 25. Qxc3 e4 26. bxc6 exf3 27. Bxf3 bxc6
28. Re1 Rf6 29. c5 Kf7 30. Qb4 Qc8 31. Kh2 Ke7 32. Qb6 Kf8 33. Bxc6 Bf7 34. Bb7
Rxb6 35. Bxc8 Rc6 36. Bb7 Rxc5 37. Ra1 a5 38. h4 Rc3 39. Bf3 Rc2 40. Kg1 Rd2
41. Bb7 Bd5 42. Bxd5 Rxd5 43. a4 Kf7 44. Ra2 g5 45. hxg5 hxg5 46. f3 Rd4 47.
Kh2 Kf6 48. Kh3 Kf5 49. Rc2 Rd5 50. Rc8 Kf6 51. Rb8 Rd4 52. Rb6+ Ke5 53. Rb5+
Rd5 54. Rxd5+ Kxd5 55. Kg4 Kc4 56. Kxg5 Kb4 57. Kxf4 Kxa4 58. g4 Kb4 59. g5 a4
60. g6 a3 61. g7 a2 62. g8=Q a1=Q 63. Qb8+ Kc4 64. Qc7+ Kd3 65. Qd6+ Kc4 66.
Qc6+ Kd3 67. Qe4+ Kc3 68. Qe5+ 1-0

[Event "27.Schlosspark-Open"]
[Site "Wiesbaden-Biebrich"]
[Date "2015.08.27"]
[Round "1.85"]
[White "Masoudi, Kian"]
[Black "Leck, Gerrit"]
[Result "0-1"]
[WhiteElo "1241"]
[BlackElo "1836"]
[PlyCount "58"]
[EventDate "2015.??.??"]
[WhiteTeam "SC Bergen-Enkheim"]
[BlackTeam "SV Lahn Limburg"]

1. e4 c5 2. b4 cxb4 3. d4 e6 4. Nf3 d5 5. e5 Nc6 6. Bd3 Qb6 7. O-O Nh6 8. Be3
Nf5 9. c4 Nxe3 10. fxe3 dxc4 11. Bxc4 Be7 12. Nbd2 O-O 13. Bd3 Bd7 14. Nh4 Nxe5
15. Bxh7+ Kxh7 16. Qh5+ Kg8 17. Qxe5 Bxh4 18. Rf3 Qb5 19. Qf4 Qg5 20. g3 Qxf4
21. gxf4 Rac8 22. Rh3 Be7 23. Rg3 Rc2 24. Nf3 Bc6 25. Ne5 Be4 26. Ng4 Bh4 27.
Rh3 Rg2+ 28. Kf1 Rxg4 29. Rc1 Bd3# 0-1

[Event "27.Schlosspark-Open"]
[Site "Wiesbaden-Biebrich"]
[Date "2015.08.27"]
[Round "1.86"]
[White "Ley, Sabrina"]
[Black "Porstendörfer, Yannik"]
[Result "1-0"]
[WhiteElo "1833"]
[BlackElo "1200"]
[PlyCount "85"]
[EventDate "2015.??.??"]
[WhiteTeam "SV Lahnstein"]
[BlackTeam "SK Klingenberg"]

1. e4 e5 2. Nf3 Nf6 3. d4 d6 4. dxe5 dxe5 5. Qxd8+ Kxd8 6. Nxe5 Be6 7. Bd3 Bd6
8. Nf3 Nbd7 9. O-O Nc5 10. e5 Be7 11. exf6 Bxf6 12. Bg5 Bxg5 13. Nxg5 Bd5 14.
Nc3 h6 15. Nxd5 hxg5 16. Bc4 f5 17. Rad1 g4 18. Nb6+ Ke7 19. Nxa8 Rxa8 20.
Rfe1+ Kf6 21. b4 Ne4 22. Bd5 Nc3 23. Re6+ Kg5 24. Rd3 Nxa2 25. Bxa2 a5 26. b5
Rb8 27. Rd7 Rg8 28. Ree7 Rf8 29. Rxg7+ Kh6 30. Rh7+ Kg5 31. g3 Re8 32. Rhg7+
Kh6 33. Rge7 Rxe7 34. Rxe7 b6 35. Rxc7 a4 36. Rc6+ Kg5 37. Rxb6 a3 38. Ra6 f4
39. b6 f3 40. b7 Kf5 41. b8=Q Ke4 42. Ra5 Kd4 43. Qb4# 1-0

[Event "27.Schlosspark-Open"]
[Site "Wiesbaden-Biebrich"]
[Date "2015.08.27"]
[Round "1.87"]
[White "Hegener, Daniel"]
[Black "Weiland, Thomas"]
[Result "0-1"]
[WhiteElo "1143"]
[BlackElo "1832"]
[PlyCount "90"]
[EventDate "2015.??.??"]
[WhiteTeam "SC Eschborn"]
[BlackTeam "SV Oberursel"]

1. Nf3 d5 2. d4 Nf6 3. c4 c6 4. Nc3 Bg4 5. Bf4 Nbd7 6. e3 e6 7. Be2 Bb4 8. Qb3
a5 9. O-O dxc4 10. Qxc4 O-O 11. a3 Be7 12. h3 Bh5 13. Rac1 Rc8 14. Rfd1 Nd5 15.
Nxd5 exd5 16. Qc3 Nf6 17. Bd3 Ne4 18. Bxe4 dxe4 19. g4 Bxg4 20. hxg4 exf3 21.
e4 Bg5 22. Bxg5 Qxg5 23. Qxf3 h5 24. Qf5 Qxg4+ 25. Qxg4 hxg4 26. Kg2 Rfe8 27.
e5 f5 28. Re1 Kf7 29. Kg3 g5 30. f3 gxf3 31. Kxf3 Ke6 32. Rc5 b6 33. Rc4 Rh8
34. Rec1 Kd5 35. a4 Rh3+ 36. Kg2 Rd3 37. Kf2 Rxd4 38. Rxd4+ Kxd4 39. e6 Kd5 40.
e7 Kd6 41. Rg1 g4 42. Kg3 Kxe7 43. Kf4 Kf6 44. Re1 Rd8 45. Re2 Rd4+ 0-1

[Event "27.Schlosspark-Open"]
[Site "Wiesbaden-Biebrich"]
[Date "2015.08.27"]
[Round "1.88"]
[White "Jordake, Michael"]
[Black "Deutsch, Oliver"]
[Result "1/2-1/2"]
[WhiteElo "1820"]
[BlackElo "1124"]
[PlyCount "47"]
[EventDate "2015.??.??"]
[WhiteTeam "SC Bergen-Enkheim"]
[BlackTeam "SK Gründau"]

1. Nc3 e5 2. Nf3 Nc6 3. e4 Nf6 4. d4 exd4 5. Nxd4 d5 6. Bg5 Be7 7. Nxc6 bxc6 8.
Bd3 O-O 9. O-O Rb8 10. Rb1 Nxe4 11. Bxe7 Qxe7 12. Nxe4 dxe4 13. Re1 Bf5 14. Qh5
g6 15. Qe2 Rfe8 16. Bc4 Rbd8 17. Bb3 Qc5 18. Qe3 Qxe3 19. fxe3 Rd2 20. Ba4 Rb8
21. h3 Rb4 22. Bb3 Be6 23. Rbd1 Rxd1 24. Rxd1 1/2-1/2

[Event "27.Schlosspark-Open"]
[Site "Wiesbaden-Biebrich"]
[Date "2015.08.27"]
[Round "1.89"]
[White "Bayer, Melissa"]
[Black "Pravez, Luca"]
[Result "0-1"]
[WhiteElo "1108"]
[BlackElo "1816"]
[PlyCount "100"]
[EventDate "2015.??.??"]
[WhiteTeam "SK Gründau"]
[BlackTeam "SSV Bruchsal"]

1. e4 e5 2. Nf3 Nc6 3. Bb5 Bc5 4. c3 Nf6 5. d3 O-O 6. O-O d6 7. Bg5 h6 8. Bh4
Bg4 9. Nbd2 g5 10. Bg3 Nh5 11. Qb3 Be6 12. Qa4 Nxg3 13. hxg3 g4 14. Nh4 Qg5 15.
Qc2 Ne7 16. b4 Bb6 17. Bc4 Ng6 18. Nxg6 Qxg6 19. Bxe6 fxe6 20. Nc4 Kf7 21. Nxb6
axb6 22. Rfe1 Ke7 23. Kf1 Rf7 24. Ke2 Raf8 25. Rf1 Qh5 26. Ke3 Qh2 27. Rg1 Rf3+
28. Kd2 Rxf2+ 29. Kc1 Rxc2+ 30. Kxc2 Rf2+ 31. Kb3 Qxg3 32. Rad1 Rxg2 33. Rxg2
Qxg2 34. a4 g3 35. a5 bxa5 36. bxa5 Qf3 37. Kc2 g2 38. Rc1 Qf2+ 39. Kb3 g1=Q
40. Rxg1 Qxg1 41. Kc4 h5 42. d4 exd4 43. cxd4 h4 44. e5 h3 45. exd6+ Kxd6 46.
Kd3 h2 47. Kc4 h1=Q 48. Kd3 Qg3+ 49. Ke2 Qhh2+ 50. Kf1 Qgg1# 0-1

[Event "27.Schlosspark-Open"]
[Site "Wiesbaden-Biebrich"]
[Date "2015.08.27"]
[Round "1.90"]
[White "Niedenthal, Robert"]
[Black "Gießelbach, Christian"]
[Result "1-0"]
[WhiteElo "1811"]
[BlackElo "1083"]
[PlyCount "47"]
[EventDate "2015.??.??"]
[WhiteTeam "SV Hofheim"]
[BlackTeam "TuS Dotzheim"]

1. c4 c5 2. g3 g6 3. Bg2 Bg7 4. Nc3 Nc6 5. e3 d6 6. Nge2 e5 7. O-O Nge7 8. h3
O-O 9. Kh2 Be6 10. d3 Qd7 11. Nd5 Bxd5 12. cxd5 Nb4 13. Nc3 Rac8 14. a3 Na6 15.
h4 Nc7 16. Bh3 f5 17. e4 Nb5 18. h5 h6 19. hxg6 Nxg6 20. exf5 Nd4 21. fxg6 Qe8
22. Qg4 Nf3+ 23. Kg2 Rf6 24. Qxc8 1-0

[Event "27.Schlosspark-Open"]
[Site "Wiesbaden-Biebrich"]
[Date "2015.08.27"]
[Round "1.91"]
[White "Porstendörfer, Eric"]
[Black "Wachsmann, Dietmar"]
[Result "0-1"]
[WhiteElo "1060"]
[BlackElo "1811"]
[PlyCount "100"]
[EventDate "2015.??.??"]
[WhiteTeam "SK Klingenberg"]
[BlackTeam "SC Groß-Umstadt"]

1. e4 c5 2. c3 Nf6 3. e5 Nd5 4. Bc4 e6 5. d4 d6 6. Qb3 Nc6 7. Nf3 Na5 8. Qa4+
Bd7 9. Bb5 Nc6 10. c4 Nb6 11. Qd1 cxd4 12. exd6 Bxd6 13. Nxd4 O-O 14. Nxc6 Bxc6
15. O-O Bxb5 16. cxb5 Nd5 17. Nc3 Nxc3 18. bxc3 Qc7 19. Be3 Bxh2+ 20. Kh1 Be5
21. Qg4 Rac8 22. Bh6 f5 23. Qg5 Rf6 24. f4 Rxh6+ 25. Kg1 Qxc3 26. fxe5 Qd4+ 27.
Rf2 Qxa1+ 28. Rf1 Qd4+ 29. Rf2 Rc2 30. Qf4 Qxf2+ 31. Qxf2 Rh1+ 32. Kxh1 Rxf2
33. a4 g5 34. a5 g4 35. g3 a6 36. Kg1 Ra2 37. bxa6 bxa6 38. Kf1 Kf8 39. Ke1 Ke7
40. Kd1 Kd7 41. Kc1 Kc6 42. Kb1 Rh2 43. Kc1 Kc5 44. Kd1 Kd4 45. Ke1 Ke3 46. Kd1
h5 47. Kc1 Kd3 48. Kb1 Kc3 49. Ka1 Kb3 50. Kb1 Rh1# 0-1

[Event "27.Schlosspark-Open"]
[Site "Wiesbaden-Biebrich"]
[Date "2015.08.27"]
[Round "1.92"]
[White "Zeyen, Helmut"]
[Black "Lochmann, Tobias"]
[Result "1-0"]
[WhiteElo "1811"]
[BlackElo "713"]
[PlyCount "45"]
[EventDate "2015.??.??"]
[WhiteTeam "Wiesbadener SV"]
[BlackTeam "SV Groß-Gerau"]

1. e4 e5 2. Nf3 Bc5 3. Nc3 Nf6 4. h3 Nc6 5. a3 a6 6. Nxe5 Nxe5 7. d4 Bd6 8. f4
Nc6 9. d5 Na5 10. b4 Qe7 11. Qd3 Nh5 12. h4 Bxf4 13. Bxf4 Nxf4 14. Qd4 d6 15.
bxa5 Bg4 16. Qxg7 Ng6 17. Qd4 Nxh4 18. Qxh8+ Kd7 19. Qg7 Bh5 20. Qg3 Nf5 21.
Qh3 Qg5 22. Qxf5+ Qxf5 23. exf5 1-0